00642nam a2200157 a 4500008004100000050001600041100001900057245003000076246006200106260004200168300002100210350000900231995009500240999001700335952013200352120416s1987 ||||||||||||||||| || u aHG 3821 Oxe aOxelheim, Lars10aMacroeconomic uncertainty ainternational risks and opportunities for the corporation aChichesterbJohn Wiley and Sonsc1987 axv, 251p. : ill. a0.00 D0.00FCBU-MAIN LIBRARY (Kitwe)H1I0.00M1UAVAILABLEZMain Library Open Access Collection c49627d49627 00102lcc4070a001b001cMain Library Open Access Collectiond2022-11-30l0oHG 3821 Oxep007745r2022-11-30w2022-11-30y002